000 00478nam a22001937a 4500
003 MPLRDC
005 20220104144220.0
008 210129b ||||| |||| 00| 0 eng d
020 _a957-99077-7-3
082 _a220.7 SYFS v.5
100 _a圣严法师
245 _a正信的佛教
_c
250 _a再版
260 _a
_b法鼓文化事业股份有限公司
_c2000
300 _b
490 _a佛学入门2
650 _a佛教杂论
942 _cBK
_o220.7 SYFS v.5
999 _c47498
_d47488